| 000 | 00754nam a2200217 i 4500 | ||
|---|---|---|---|
| 001 | 160835 | ||
| 003 | ES-MaACL | ||
| 005 | 20250715063123.0 | ||
| 008 | 970929s1883 sp |||| | spa d | ||
| 040 |
_aAR _bspa _cAR |
||
| 100 | 1 |
_aNúñez de Arce, Gaspar, _d1834-1903 _eaut _9223411 |
|
| 245 | 1 | 3 |
_aEl vértigo : _bpoema / _cGaspar Núñez de Arce. |
| 250 | _a18ª ed. | ||
| 260 |
_aMadrid : _bLibrería de Mariano Murillo : _bLibrería de Fernando Fe, _c1883 _f(Imp. de Fortanet) |
||
| 300 |
_a39 páginas ; _c19 cm. |
||
| 655 | 7 |
_2tgfbne _9176539 _aPoesías |
|
| 852 |
_aES-MaACL _cDEPO2 _hDonativo Roda _jL-4903(10-2) _xEnc. en un vol. facticio |
||
| 942 |
_2udc _cMONANT _n0 |
||
| 999 |
_c160835 _d160835 |
||